What lives in Antarctica? / Oona Gaarder-Juntti ; consulting editor, Diane Craig.
Record details
- ISBN: 9781604531695
- ISBN: 160453169X
- Physical Description: 24 pages : color illustrations, color map 20 cm.
- Publisher: Edina, Minn. : ABDO Pub., c2009.
Search for related items by subject
| Subject: | Zoology > Antarctica > Juvenile literature. Animals > Antarctica > Juvenile literature. Zoology > Antarctica. Animals > Antarctica. |
Search for related items by series
Available copies
- 1 of 1 copy available at scottsboropl.
Holds
- 0 current holds with 1 total copy.
Show Only Available Copies
| Location | Call Number / Copy Notes | Barcode | Shelving Location | Status | Due Date |
|---|---|---|---|---|---|
| scottsboropl | E 308.2 Gaa | 32269000849201 | Juvenile - Easy NonFiction | Available | - |
| LDR | 01104cam a2200313 a 4500 | ||
|---|---|---|---|
| 001 | 131995 | ||
| 003 | CONS | ||
| 005 | 20140703073306.0 | ||
| 008 | 080312s2009 mnuab j 000 0 eng | ||
| 010 | . | ‡a 2008011395 | |
| 020 | . | ‡a9781604531695 | |
| 020 | . | ‡a160453169X | |
| 035 | . | ‡a(CPomAG)LMN503235 | |
| 043 | . | ‡at------ | |
| 050 | 1 | 0. | ‡aQL106 ‡b.G33 2009 |
| 082 | 0 | 0. | ‡a591.70911/6 ‡222 |
| 100 | 1 | . | ‡aGaarder-Juntti, Oona, ‡d1979- |
| 245 | 1 | 0. | ‡aWhat lives in Antarctica? / ‡cOona Gaarder-Juntti ; consulting editor, Diane Craig. |
| 260 | . | ‡aEdina, Minn. : ‡bABDO Pub., ‡cc2009. | |
| 300 | . | ‡a24 pages : ‡bcolor illustrations, color map ‡c20 cm. | |
| 440 | 0. | ‡aSuper sandcastle animal habitats | |
| 650 | 0. | ‡aZoology ‡xAntarctica ‡vJuvenile literature. | |
| 650 | 0. | ‡aAnimals ‡zAntarctica ‡vJuvenile literature. | |
| 650 | 1. | ‡aZoology ‡zAntarctica. | |
| 650 | 1. | ‡aAnimals ‡xAntarctica. | |
| 700 | 1 | . | ‡aCraig, Diane. |
| 914 | . | ‡aSCP_ds | |
| 959 | . | ‡i32269000849201 ‡lJ591.709 Gaa ‡aJuvenile - NonFiction ‡tJuv Nonfiction ‡g17.00 | |
| 852 | . | ‡p32269000849201 ‡jJ591.709 Gaa ‡gJuvenile - NonFiction ‡cJuv Nonfiction ‡y17.00 ‡bSBPL | |
| 901 | . | ‡a131995 ‡bUnknown ‡c131995 ‡tbiblio | |